| 000 | 01051cam a22003257a 4500 | ||
|---|---|---|---|
| 003 | CHAP | ||
| 005 | 20220329142549.0 | ||
| 008 | 971010s1985 r 00010 d | ||
| 010 | _a84995 | ||
| 011 | _a85967 | ||
| 020 | _a8425212294 | ||
| 035 | _a96505 | ||
| 040 | _cCHAP | ||
| 082 |
_a301.24 _bM5Y |
||
| 100 | 0 | 0 |
_aMoragas Spá, Miguel de _eed. _978196 |
| 245 | 0 |
_aSociología de la comunicación de masas _c/ed. por M. de Moragas |
|
| 260 |
_aBarcelona : _bGustavo Gili, _c1985. |
||
| 300 |
_a4 v. _b; gráfs. |
||
| 500 | _aLa biblioteca tiene : v.2 Estructura, funciones y efectos | ||
| 590 |
_aBATCH-UPD _b10 _c20130110 _lUCH01 _h0707 |
||
| 590 |
_aBATCH-UPD _b10 _c20130410 _lUCH01 _h0352 |
||
| 590 |
_aBATCH-UPD _b10 _c20130914 _lUCH01 _h1023 |
||
| 590 |
_aCONVERSION _b10 _c20130109 _lUCH01 _h1347 |
||
| 650 | 1 | 4 |
_aComunicación de masas. _926210 |
| 650 | 1 | 4 |
_aSociología. _9108197 |
| 901 | _aBK | ||
| 905 | _aAlejandra Carrasco M. | ||
| 942 | _cLIBRO | ||
| 949 |
_a301.24 M5Y _bBC _cLIBRO _d33724000859419 _eLIBRO _fv.2 _h102042 _i96505 _kDon. _si |
||
| 999 |
_c84995 _d84995 |
||